Nghiên cứu thanh phần hóa học lá chùm ngây Moringa oleifer L. họ Moringaceae : Luận văn Thạc sĩ hóa học chuyên ngành: Hóa học hữu cơ

Mục tiêu của đề tài là phân lập các hợp chất tinh khiết, xác định cấu trúc và thử nghiệm hoạt tính kháng oxy hóa theo phương pháp DPPH, kháng vi sinh vật kiểm định và hoạt tính gây độc tế bào các hợp chất phân lập....

Full beskrivning

Sparad:
Bibliografiska uppgifter
Huvudupphovsman: Lâm, Quốc Trung
Materialtyp: Bok
Språk:Undetermined
Publicerad: Cần Thơ Trường Đại học Cần Thơ 2011
Ämnen:
Taggar: Lägg till en tagg
Inga taggar, Lägg till första taggen!
Thư viện lưu trữ: Trung tâm Học liệu Trường Đại học Cần Thơ
LEADER 01135nam a2200217Ia 4500
001 CTU_167470
008 210402s9999 xx 000 0 und d
082 |a 547 
082 |b Tr513 
088 |a 60440114 
100 |a Lâm, Quốc Trung 
245 0 |a Nghiên cứu thanh phần hóa học lá chùm ngây Moringa oleifer L. họ Moringaceae : 
245 0 |b Luận văn Thạc sĩ hóa học chuyên ngành: Hóa học hữu cơ 
245 0 |c Lâm Quốc Trung ; Mai Đình Trị ( hướng dẫn khoa học ) 
260 |a Cần Thơ 
260 |b Trường Đại học Cần Thơ 
260 |c 2011 
520 |a Mục tiêu của đề tài là phân lập các hợp chất tinh khiết, xác định cấu trúc và thử nghiệm hoạt tính kháng oxy hóa theo phương pháp DPPH, kháng vi sinh vật kiểm định và hoạt tính gây độc tế bào các hợp chất phân lập. 
650 |a Chemistry,organic,Hóa học, hữu cơ 
904 |i QHieu 
980 |a Trung tâm Học liệu Trường Đại học Cần Thơ